• 首页
  • 本馆介绍
  • 公告通知
  • 最新文献
  • 馆藏检索
  • 电子资源
  • 读者导购
  • 参考咨询
  • 我的图书馆
  • 登录
  • 详细信息显示
  • 放入我的书架
  • 预约/预借图书
  • 作者相关作品
  • 分类相关作品
  • 丛书相关作品
  • 出版社相关作品

书目信息

  • 表格格式
  • 工作单格式
  • 卡片格式
题名:
武林旧事
    
 
作者: 四水潜夫 辑
分册:  
出版信息: 杭州   西湖书社  1981
页数: 171页
开本: 19cm
丛书名:
单 册:
中图分类: K245.06 , I211
科图分类:
主题词: 史料--中国--南宋 , 文学--作品集--中国
电子资源:
ISBN:
000 00618nam0 2200241 450
001 1540987320
005 20170926164020.29
010    @dCNY0.44
091    @a10257.5
100    @a19950323d1981 em y0chiy0110 ea
101 0  @achi
102    @aCN@b330000
105    @ay z 000yy
200 1  @a武林旧事@9wu lin jiu shi@e十卷@f(宋)四水潜夫辑
210    @a杭州@c西湖书社@d1981
215    @a171页@d19cm
606 0  @a史料@y中国@z南宋
606 0  @a文学@x作品集@x中国
690    @aK245.06@v5
690    @aI211@v4
701  0 @a四水潜夫@9si shui qian fu@4辑
801  0 @aCN@bTSSF@c20150121
905    @aZUCC@dI211@eJY18
    
    武林旧事:十卷/(宋)四水潜夫辑.-杭州:西湖书社,1981
    171页;19cm
    
    
    ISBN :CNY0.44
    
●
相关链接 在E读中查询图书 在五车中查询图书 在当当中查询图书 在豆瓣中查询图书


正题名:武林旧事     索取号:I211/JY18         预约/预借

序号 登录号 条形码 馆藏地/架位号 状态 备注
1 7856042   278560424   学院路分馆/ [索取号:I211/JY18] 在馆    
唐山师范学院图书馆 欢迎您!
大连网信软件有限公司© 版权所有